000 00626nam a22001817a 4500
999 _c58757
_d58757
005 20220714165828.0
008 220714s2021en xxu||||| |||| 00| 0 eng d
020 _a9798471811935
041 _aeng
080 _a537 A-27
245 _a100 electronic projects :
_bUsing Breadboard To Build Different Electronic Circuits In The Projects
264 _aTorrazza:
_bLogistica,
_c[2021].
300 _a pages .:
_billustrations,
_c23 cm.
653 _a100 electronic projects
653 _a100 ელექტრონული მინი პროექტი
653 _aელექტროობა
942 _2udc
_cBK